IFM Opac

Explorations in the New Monetary Economics (Record no. 8162)

MARC details
000 -LEADER
fixed length control field 00569nam a2200205Ia 4500
003 - CONTROL NUMBER IDENTIFIER
control field OSt
005 - DATE AND TIME OF LATEST TRANSACTION
control field 20220822125722.0
008 - FIXED-LENGTH DATA ELEMENTS--GENERAL INFORMATION
fixed length control field 220822b |||||||| |||| 00| 0 eng d
020 ## - INTERNATIONAL STANDARD BOOK NUMBER
International Standard Book Number 1557860718
040 ## - CATALOGING SOURCE
Transcribing agency IFMLibrary
082 ## - DEWEY DECIMAL CLASSIFICATION NUMBER
Classification number 332. 4
100 ## - MAIN ENTRY--PERSONAL NAME
Personal name Cowen,Tyler
9 (RLIN) 7964
245 ## - TITLE STATEMENT
Title Explorations in the New Monetary Economics
260 ## - PUBLICATION, DISTRIBUTION, ETC.
Place of publication, distribution, etc. Blackwell:
Name of publisher, distributor, etc. USA.
Date of publication, distribution, etc. 1994
300 ## - PHYSICAL DESCRIPTION
Extent viii, 200p.: ill.; 24cm
500 ## - GENERAL NOTE
General note Includes bibliographical References and Index
650 ## - SUBJECT ADDED ENTRY--TOPICAL TERM
Topical term or geographic name entry element Monetary policy
9 (RLIN) 7965
700 ## - ADDED ENTRY--PERSONAL NAME
Personal name Kroszner, Randall.
9 (RLIN) 7966
942 ## - ADDED ENTRY ELEMENTS (KOHA)
Koha item type Books
Source of classification or shelving scheme Dewey Decimal Classification
Suppress in OPAC No
Holdings
Withdrawn status Lost status Source of classification or shelving scheme Damaged status Not for loan Collection code Home library Current library Shelving location Date acquired Source of acquisition Full call number Barcode Date last seen Price effective from Koha item type
    Dewey Decimal Classification     Non-fiction IFM Main Campus Library IFM Main Campus Library Stack Collection 08/22/2022 Purchase 332. 4 COW 0000018124 05/15/2015 02/19/2022 Books